| 000 | 00466nam a2200181Ia 4500 | ||
|---|---|---|---|
| 008 | 240925s9999 xx 000 0 und d | ||
| 020 | _a70381860 | ||
| 082 | _a621.3815 LEN | ||
| 100 | _aLenk, John D. | ||
| 245 | 0 | _aCircuit Troubleshooting Hand book | |
| 250 | _aNA | ||
| 260 |
_aNew York: _bMc Graw HIll _c,1999. |
||
| 300 |
_axviii,729p. _bNA _fPhotocopy |
||
| 500 | _aIncludes Index | ||
| 600 | _aEngineering Technology | ||
| 650 | _aTechnology | ||
| 942 | _cBK | ||
| 999 |
_c6547 _d6547 |
||